000 02594nam0a2200361 i 4500
001 RU\NLR\BIBL_A\010912386
005 20260405140116.0
010 _a9785811906352
_9500
021 _aRU
_b2015-84263
_95152
035 _a(NILC)RuMoRGB-008057411
035 _a(NLR Aleph) 010912386
090 _a10637023
_c10637023
100 _a20151126d2015 um y0rusy50 ca
101 0 _arus
102 _aRU
105 _aa|||j|||000zy
200 1 _aСистемы электроснабжения транспорта и предприятий
_eучебник
_e[по направлениям подготовки: бакалавров "Электроэнергетика и электротехника" и специалистов - "Эксплуатация судового электрооборудования и средств автоматизации"]
_fС. В. Горелов, В. П. Горелов, Е. В. Иванова
_gпод ред. д-ров техн. наук, профессоров В. П. Горелова, В. Г. Сальникова
_gМ-во трансп. Российской Федерации, Федеральное агентство морского и речного трансп., Федеральное гос. бюджетное образовательное учреждение высш. образования "Сибирский гос. ун-т водного трансп."
210 _aНовосибирск
_cФГБОУ ВО "Сибирский государственный университет водного транспорта"
_d2015
215 _a526 с.
_cил.
_d21
320 _aБиблиогр.: с. 412-414 (17 назв.)
606 1 _aТранспорт
_jУчебники для высших учебных заведений
_xЭлектроснабжение
_92483896
_3RU\NLR\AUTH\661474304
606 1 _aПромышленные предприятия
_jУчебники для высших учебных заведений
_xЭлектроснабжение
_91984243
_3RU\NLR\AUTH\66910502
675 _a621.31
686 1 _aО162я73-1
686 1 _aЗ29-5я73-1
700 1 _aГорелов
_bС. В.
_f1970-
_gСергей Валерьевич
701 1 _7ca
_8rus
_aГорелов
_bВ. П.
_f1941-
_gВалерий Павлович
_937811
_3RU\NLR\AUTH\7754879
701 1 _7ca
_8rus
_aИванова
_bЕ. В.
_cд-р техн. наук
_gЕлена Васильевна
_939328
_3RU\NLR\AUTH\7756396
801 0 _aRU
_bРГБ
_c20151030
_gRCR
942 _cBOOK
980 _aNBR